[Event "Bezirksliga Oberbayern 1819"]
[Site "Bayern"]
[Date "2018.11.11"]
[Round "2.5"]
[White "Obermeier, Herbert"]
[Black "Lippert, Frank"]
[Result "1/2-1/2"]
[WhiteElo "1956"]
[BlackElo "2050"]
[PlyCount "44"]
[EventDate "2018.10.21"]
[EventType "team-tourn"]
[EventRounds "9"]
[EventCountry "GER"]
[SourceTitle "EXT 2022"]
[Source "ChessBase"]
[SourceDate "2021.10.06"]
[SourceVersion "1"]
[SourceVersionDate "2021.10.06"]
[SourceQuality "1"]
[WhiteTeam "Traunstein/Traunreut"]
[BlackTeam "Graefelfing SK"]
[WhiteTeamCountry "GER"]
[BlackTeamCountry "GER"]

1. Nf3 c5 2. g3 Nf6 3. Bg2 g6 4. 0-0 Bg7 5. c4 0-0 6. Nc3 d6 7. a3 Nc6 8. Rb1 a5 9. h3 e5 10. Ne1 Be6 11. Nd5 Ne7 12. e4 Nfxd5 13. cxd5 Bd7 14. b4 cxb4 15. axb4 a4 16. Nc2 f5 17. d3 f4 18. Kh2 g5 19. Na3 b5 20. Bb2 Ng6 21. Bf3 Qb6 22. Qe2 Rf6 1/2-1/2

[Event "Bezirksliga Oberbayern 1819"]
[Site "Bayern"]
[Date "2018.10.21"]
[Round "1.2"]
[White "Sailer, Wolfgang"]
[Black "Lippert, Frank"]
[Result "1-0"]
[WhiteElo "2111"]
[BlackElo "2050"]
[PlyCount "59"]
[EventDate "2018.10.21"]
[EventType "team-tourn"]
[EventRounds "9"]
[EventCountry "GER"]
[SourceTitle "EXT 2022"]
[Source "ChessBase"]
[SourceDate "2021.10.06"]
[SourceVersion "1"]
[SourceVersionDate "2021.10.06"]
[SourceQuality "1"]
[WhiteTeam "Neuburg"]
[BlackTeam "Graefelfing SK"]
[WhiteTeamCountry "GER"]
[BlackTeamCountry "GER"]

1. e4 e5 2. Nf3 Nc6 3. d4 exd4 4. Nxd4 Bc5 5. Nb3 Be7 6. Nc3 Nf6 7. Bf4 Bb4 8. Qd3 0-0 9. 0-0-0 Re8 10. f3 h6 11. Nb5 d6 12. a3 Nh5 13. Be3 a6 14. N5d4 Ne5 15. Qe2 Bc5 16. Nxc5 dxc5 17. Nf5 Qf6 18. g4 Bxf5 19. exf5 b5 20. Qf2 b4 21. axb4 cxb4 22. gxh5 Qxf5 23. Bd3 Nxd3+ 24. Rxd3 Qxh5 25. Rg1 Re6 26. f4 Rae8 27. f5 Re4 28. Qg3 g5 29. fxg6 f5 30. Qxc7 1-0

[Event "Regionalliga Sued-Ost 1718"]
[Site "Bayern"]
[Date "2018.04.15"]
[Round "9.5"]
[White "Boes, Christoph"]
[Black "Lippert, Frank"]
[Result "1/2-1/2"]
[WhiteElo "1975"]
[BlackElo "2032"]
[PlyCount "42"]
[EventDate "2017.10.22"]
[EventType "team-tourn"]
[EventRounds "9"]
[EventCountry "GER"]
[SourceTitle "EXT 2022"]
[Source "ChessBase"]
[SourceDate "2021.10.06"]
[SourceVersion "1"]
[SourceVersionDate "2021.10.06"]
[SourceQuality "1"]
[WhiteTeam "Trostberg TSV"]
[BlackTeam "Graefelfing SK"]
[WhiteTeamCountry "GER"]
[BlackTeamCountry "GER"]

1. e4 e5 2. Nf3 Nf6 3. Nxe5 d6 4. Nf3 Nxe4 5. Nc3 Nxc3 6. dxc3 Be7 7. Bf4 Be6 8. Bd3 Nc6 9. Qd2 h6 10. Nd4 Nxd4 11. cxd4 Qd7 12. h3 Bf6 13. c3 0-0-0 14. Be3 d5 15. Qc2 Bg5 16. 0-0-0 Bxe3+ 17. fxe3 Rhe8 18. Kb1 Kb8 19. Rhf1 f6 20. Rde1 Bf7 21. Qf2 Re7 1/2-1/2

[Event "Regionalliga SO 1617"]
[Site "Bayern"]
[Date "2017.04.02"]
[Round "8.5"]
[White "Etlender, Roman"]
[Black "Lippert, Frank"]
[Result "1-0"]
[WhiteElo "2131"]
[BlackElo "2038"]
[PlyCount "47"]
[EventDate "2016.10.16"]
[EventType "team-tourn"]
[EventRounds "9"]
[EventCountry "GER"]
[SourceTitle "EXT 2019"]
[Source "ChessBase"]
[SourceDate "2018.10.10"]
[SourceVersion "1"]
[SourceVersionDate "2018.10.10"]
[SourceQuality "1"]
[WhiteTeam "Ingolstadt"]
[BlackTeam "Graefelfing"]
[WhiteTeamCountry "GER"]
[BlackTeamCountry "GER"]

1. c4 e5 2. Nc3 Nf6 3. g3 Bb4 4. Bg2 0-0 5. e4 Nc6 6. Nge2 Bxc3 7. bxc3 Re8 8. 0-0 d6 9. h3 Be6 10. d3 Qc8 11. Kh2 Nd7 12. Be3 f6 13. Qd2 Bf7 14. Rg1 Nc5 15. Raf1 f5 16. Bxc5 dxc5 17. Qe3 Qd7 18. exf5 Rad8 19. Be4 b6 20. g4 Ne7 21. Ng3 Qa4 22. f6 Ng6 23. Nh5 gxf6 24. Qh6 1-0

[Event "Regionalliga SO 1617"]
[Site "Bayern"]
[Date "2016.10.16"]
[Round "1.6"]
[White "Lippert, Frank"]
[Black "Latzel, Wolfgang"]
[Result "1-0"]
[WhiteElo "2038"]
[BlackElo "1793"]
[PlyCount "91"]
[EventDate "2016.10.16"]
[EventType "team-tourn"]
[EventRounds "9"]
[EventCountry "GER"]
[SourceTitle "EXT 2019"]
[Source "ChessBase"]
[SourceDate "2018.10.10"]
[SourceVersion "1"]
[SourceVersionDate "2018.10.10"]
[SourceQuality "1"]
[WhiteTeam "Graefelfing"]
[BlackTeam "Landshut"]
[WhiteTeamCountry "GER"]
[BlackTeamCountry "GER"]

1. d4 d6 2. e4 g6 3. Nf3 Bg7 4. Be2 Nf6 5. Nc3 a6 6. a4 0-0 7. 0-0 c5 8. h3 cxd4 9. Nxd4 Qb6 10. a5 Qc7 11. Be3 Nc6 12. Nb3 Be6 13. Nd5 Bxd5 14. exd5 Ne5 15. Bb6 Qc8 16. f4 Ned7 17. Bd4 Qc7 18. c4 e6 19. Rc1 Rac8 20. Bf3 Ne8 21. Re1 Bxd4+ 22. Qxd4 Ng7 23. g4 Nc5 24. Nxc5 Qxc5 25. Qxc5 Rxc5 26. b4 Rc7 27. Be2 Rfc8 28. Rcd1 exd5 29. Rxd5 Ne8 30. Bd3 Kf8 31. Kf2 Re7 32. Rb1 Rd8 33. f5 Re5 34. fxg6 fxg6 35. Rxe5 dxe5 36. Be4 Rd7 37. Ke3 Nd6 38. Bd5 Ke7 39. Rf1 h6 40. h4 h5 41. gxh5 Nf5+ 42. Kd3 e4+ 43. Kc3 e3 44. hxg6 e2 45. Re1 Ng3 46. g7 1-0

[Event "Regionalliga SO 1314"]
[Site "Bayern"]
[Date "2013.11.10"]
[Round "2.7"]
[White "Lippert, Frank"]
[Black "Kutschera, Gottlieb"]
[Result "1/2-1/2"]
[WhiteElo "1988"]
[BlackElo "1743"]
[PlyCount "47"]
[EventDate "2013.10.13"]
[EventType "team-tourn"]
[EventRounds "9"]
[EventCountry "GER"]
[SourceTitle "EXT 2015"]
[Source "ChessBase"]
[SourceDate "2014.11.20"]
[SourceVersion "1"]
[SourceVersionDate "2014.11.20"]
[SourceQuality "1"]
[WhiteTeam "Graefelfing"]
[BlackTeam "Landau Dingolfing"]
[WhiteTeamCountry "GER"]
[BlackTeamCountry "GER"]

1. d4 d5 2. c4 dxc4 3. Nc3 e5 4. Nf3 exd4 5. Nxd4 c6 6. a4 Nf6 7. e3 Bb4 8. Bxc4 0-0 9. 0-0 Qc7 10. Qe2 Nbd7 11. e4 Qe5 12. Nf3 Qe7 13. e5 Bxc3 14. bxc3 Nd5 15. Bxd5 cxd5 16. Ba3 Nc5 17. c4 Rd8 18. Qe3 b6 19. Rfc1 d4 20. Nxd4 Bb7 21. Nb3 Rac8 22. Rd1 Rxd1+ 23. Rxd1 Rd8 24. Rc1 1/2-1/2

[Event "Regionalliga NW 9798"]
[Site "Bayern"]
[Date "1998.??.??"]
[Round "?.1"]
[White "Mueller, Thorsten"]
[Black "Lippert, Frank"]
[Result "1/2-1/2"]
[WhiteElo "1965"]
[BlackElo "2070"]
[PlyCount "106"]
[EventDate "1997.10.??"]
[EventType "team-tourn"]
[EventRounds "9"]
[EventCountry "GER"]
[SourceTitle "EXT 2020"]
[Source "ChessBase"]
[SourceDate "2019.10.17"]
[SourceVersion "1"]
[SourceVersionDate "2019.10.17"]
[SourceQuality "1"]
[WhiteTeam "Neustadt SV"]
[BlackTeam "Sailauf"]
[WhiteTeamCountry "GER"]
[BlackTeamCountry "GER"]

1. c4 e6 2. g3 c5 3. Bg2 Nf6 4. d3 Nc6 5. Nf3 Be7 6. 0-0 0-0 7. b3 d5 8. Bd2 Nd7 9. Na3 b6 10. Rb1 dxc4 11. Nxc4 Bb7 12. Bc3 Qc7 13. Qd2 Bf6 14. Rfc1 Bxc3 15. Qxc3 Nf6 16. Ne3 Qd7 17. Nc2 Rfd8 18. Qe1 Nd5 19. a3 Rac8 20. Bf1 Nde7 21. Rd1 Nd4 22. Ncxd4 cxd4 23. Bg2 Bxf3 24. Bxf3 Qd6 25. Rdc1 Qxa3 26. Rc4 Rxc4 27. bxc4 Qd6 28. Qd1 g6 29. Qa4 Qd7 30. Qa6 Rc8 31. h4 h5 32. Rb3 Rc7 33. Qa1 Nc6 34. Rb5 Ne7 35. Qa6 Kg7 36. Qa1 Kg8 37. Qa6 Qd6 38. Qa1 Qd7 39. Qa6 Qd6 40. Kg2 Nf5 41. Be4 Ne7 42. Qa4 Nc6 43. Bf3 Ne5 44. Be4 Nd7 45. Qa2 a5 46. Qd2 Rc5 47. Rb1 Kg7 48. Bb7 Qe5 49. Ba6 Qc7 50. Bb5 Nf6 51. Qb2 Re5 52. Kf1 Qc5 53. Ba4 Ng4 1/2-1/2

[Event "Regionalliga NW 9798"]
[Site "Bayern"]
[Date "1998.??.??"]
[Round "?.1"]
[White "Solomunovic, Igor"]
[Black "Lippert, Frank"]
[Result "1-0"]
[WhiteElo "2365"]
[BlackElo "2070"]
[PlyCount "79"]
[EventDate "1997.10.??"]
[EventType "team-tourn"]
[EventRounds "9"]
[EventCountry "GER"]
[SourceTitle "EXT 2020"]
[Source "ChessBase"]
[SourceDate "2019.10.17"]
[SourceVersion "1"]
[SourceVersionDate "2019.10.17"]
[SourceQuality "1"]
[WhiteTeam "Burgsinn"]
[BlackTeam "Sailauf"]
[WhiteTeamCountry "GER"]
[BlackTeamCountry "GER"]

1. e4 e5 2. Nf3 Nc6 3. Bb5 a6 4. Ba4 d6 5. c3 g6 6. d4 Bd7 7. Bg5 f6 8. Be3 Nh6 9. 0-0 Bg7 10. dxe5 Nxe5 11. Nxe5 fxe5 12. Bb3 Qe7 13. f3 Be6 14. c4 0-0 15. Nc3 Nf7 16. Nd5 Bxd5 17. cxd5 Bh6 18. Bf2 g5 19. Qd3 Nh8 20. Be3 Ng6 21. g3 Bg7 22. Qd2 h6 23. a4 a5 24. Bc4 Rf7 25. Rf2 Kh8 26. Bf1 Qd7 27. Bb5 Qh3 28. Rc1 b6 29. Qd1 Raf8 30. Bf1 Qd7 31. b3 Ra8 32. Bg2 Bf6 33. Qf1 Nf8 34. Bh3 Qe8 35. Bf5 Bd8 36. Qh3 Kg7 37. f4 exf4 38. gxf4 gxf4 39. Bxf4 Bg5 40. Rg2 1-0

[Event "Regionalliga NW 9596"]
[Site "Bayern"]
[Date "1996.??.??"]
[Round "?"]
[White "Lippert, Frank"]
[Black "Graef, Harald"]
[Result "0-1"]
[WhiteElo "2115"]
[BlackElo "2165"]
[PlyCount "76"]
[EventDate "1995.10.??"]
[EventType "team-tourn"]
[EventRounds "9"]
[EventCountry "GER"]
[SourceTitle "EXT 1999"]
[Source "ChessBase"]
[SourceDate "1998.11.16"]
[SourceVersion "1"]
[SourceVersionDate "1998.11.16"]
[SourceQuality "1"]
[WhiteTeam "Sailauf"]
[BlackTeam "Wuerzburg II"]
[WhiteTeamCountry "GER"]
[BlackTeamCountry "GER"]

1. d4 Nf6 2. Nf3 c5 3. d5 e6 4. c4 b5 5. Bg5 h6 6. Bxf6 Qxf6 7. Qc2 b4 8. Nbd2 e5 9. Ne4 Qe7 10. d6 Qe6 11. Nxc5 Qxd6 12. Qe4 Nc6 13. Nd3 f6 14. Qg6+ Kd8 15. e4 Qe6 16. Be2 h5 17. Nd2 Nd4 18. Bd1 h4 19. 0-0 d6 20. Bg4 Qxg4 21. Qxg4 Bxg4 22. Nxb4 Be6 23. b3 g6 24. Rad1 h3 25. g3 Bh6 26. f3 Ne2+ 27. Kf2 Nc3 28. Nb1 Nxd1+ 29. Rxd1 a5 30. Nc2 Ke7 31. Nc3 f5 32. Na3 Rhc8 33. Nab5 Rc6 34. a4 f4 35. g4 Bf8 36. Ne2 Kf6 37. Ng1 Be7 38. Nxh3 Bd8 0-1

[Event "Regionalliga NW 9596"]
[Site "Bayern"]
[Date "1996.??.??"]
[Round "?"]
[White "Lippert, Frank"]
[Black "Seeger, Werner"]
[Result "1/2-1/2"]
[WhiteElo "2115"]
[BlackElo "2200"]
[PlyCount "125"]
[EventDate "1995.10.??"]
[EventType "team-tourn"]
[EventRounds "9"]
[EventCountry "GER"]
[SourceTitle "EXT 1999"]
[Source "ChessBase"]
[SourceDate "1998.11.16"]
[SourceVersion "1"]
[SourceVersionDate "1998.11.16"]
[SourceQuality "1"]
[WhiteTeam "Sailauf"]
[BlackTeam "Burgsinn"]
[WhiteTeamCountry "GER"]
[BlackTeamCountry "GER"]

1. d4 Nf6 2. Nf3 d6 3. c4 g6 4. Nc3 Bg7 5. g3 0-0 6. Bg2 Nc6 7. 0-0 e5 8. h3 Rb8 9. e4 a6 10. Be3 b5 11. cxb5 axb5 12. Qc2 Bd7 13. dxe5 dxe5 14. Rfd1 Qc8 15. Kh2 Re8 16. Bc5 Bf8 17. Bxf8 Kxf8 18. Nd5 Kg7 19. Nxf6 Kxf6 20. Rac1 Rb6 21. Qd2 Be6 22. Nxe5 Nxe5 23. Qf4+ Bf5 24. exf5 Qxf5 25. Qxf5+ Kxf5 26. Rxc7 g5 27. Rd5 h5 28. Rxf7+ Kg6 29. Rc7 b4 30. f4 gxf4 31. gxf4 Nf7 32. Bf3 Rh8 33. Bxh5+ Rxh5 34. Rxh5 Kxh5 35. Rxf7 Kg6 36. Ra7 Rd6 37. Kg3 Rd2 38. a3 b3 39. Ra5 Rxb2 40. a4 Rb1 41. Rb5 b2 42. Kg2 Ra1 43. Rxb2 Rxa4 44. Kf3 Ra1 45. Rb3 Kf6 46. Kg4 Rg1+ 47. Rg3 Ra1 48. h4 Ra8 49. h5 Rh8 50. Rh3 Rg8+ 51. Kf3 Rh8 52. h6 Rh7 53. Kg4 Kg6 54. f5+ Kf6 55. Kf4 Ra7 56. h7 Ra4+ 57. Kg3 Ra3+ 58. Kh4 Rxh3+ 59. Kxh3 Kg7 60. Kg4 Kxh7 61. Kf4 Kg7 62. Ke5 Kf7 63. f6 1/2-1/2

[Event "Regionalliga NW 9697"]
[Site "Bayern"]
[Date "1996.??.??"]
[Round "?"]
[White "Neubert, Marcus"]
[Black "Lippert, Frank"]
[Result "1/2-1/2"]
[WhiteElo "2060"]
[BlackElo "2055"]
[PlyCount "82"]
[EventDate "1996.10.??"]
[EventType "team-tourn"]
[EventRounds "9"]
[EventCountry "GER"]
[SourceTitle "EXT 1999"]
[Source "ChessBase"]
[SourceDate "1998.11.16"]
[SourceVersion "1"]
[SourceVersionDate "1998.11.16"]
[SourceQuality "1"]
[WhiteTeam "Schweinfurt Fr"]
[BlackTeam "Sailauf"]
[WhiteTeamCountry "GER"]
[BlackTeamCountry "GER"]

1. Nf3 c5 2. g3 g6 3. c4 Bg7 4. Bg2 Nc6 5. 0-0 Nh6 6. d3 Nf5 7. e3 e6 8. a3 0-0 9. Qc2 b6 10. Nbd2 Bb7 11. Rb1 Qe7 12. b3 d5 13. cxd5 exd5 14. Bb2 Rfd8 15. Rfe1 Nd6 16. Bxg7 Kxg7 17. Bf1 Rac8 18. Qa2 Qf6 19. Rec1 d4 20. e4 Nb5 21. Ra1 Qe7 22. Qb2 f6 23. Bh3 Rc7 24. Ne1 g5 25. Bf5 Nd6 26. g4 h5 27. h3 Nxf5 28. gxf5 Ne5 29. Ndf3 Ba6 30. Nxe5 Qxe5 31. Qe2 Rh8 32. Ra2 Kf8 33. Ng2 Rg7 34. Rac2 h4 35. f3 Rc7 36. b4 Ke7 37. bxc5 bxc5 38. f4 gxf4 39. Qg4 Kd6 40. Nxf4 Rhh7 41. Ng6 Qg3+ 1/2-1/2

[Event "Regionalliga NW 9596"]
[Site "Bayern"]
[Date "1995.??.??"]
[Round "?"]
[White "Krauss, Josef"]
[Black "Lippert, Frank"]
[Result "1-0"]
[WhiteElo "2090"]
[BlackElo "2115"]
[PlyCount "48"]
[EventDate "1995.10.??"]
[EventType "team-tourn"]
[EventRounds "9"]
[EventCountry "GER"]
[SourceTitle "EXT 1999"]
[Source "ChessBase"]
[SourceDate "1998.11.16"]
[SourceVersion "1"]
[SourceVersionDate "1998.11.16"]
[SourceQuality "1"]
[WhiteTeam "Sand"]
[BlackTeam "Sailauf"]
[WhiteTeamCountry "GER"]
[BlackTeamCountry "GER"]

1. e4 d6 2. d4 e5 3. dxe5 dxe5 4. Qxd8+ Kxd8 5. f4 Nd7 6. Nf3 f6 7. Be3 c6 8. Nbd2 Ne7 9. f5 b6 10. g4 Bb7 11. c3 Nc8 12. Bd3 Nd6 13. g5 c5 14. h4 c4 15. Bc2 Rc8 16. h5 Nc5 17. Bxc5 Rxc5 18. h6 Ke7 19. hxg7 Bxg7 20. Ke2 Nf7 21. Rag1 Bc6 22. Rh3 Be8 23. gxf6+ Kxf6 24. Nf1 h6 1-0